| 000 | 00662nam a2200181 i 4500 | ||
|---|---|---|---|
| 001 | 81124 | ||
| 003 | ES-MaACL | ||
| 005 | 20230906174356.0 | ||
| 007 | t| | ||
| 008 | 041103s1912 sp ||||1| spa d | ||
| 100 | 1 |
_aHoyos Sáinz, Luis de, _d1868-1951 _964437 |
|
| 245 | 1 | 0 |
_aCráneos araucanos del Museo Antropológico Nacional / _cpor Luis de Hoyos Sáinz. |
| 260 |
_aMadrid : _b[s.n., _c1912] ( _fEstablecimiento Tipográfico y Editorial) |
||
| 300 |
_a10 p., 1 lám. ; _c25 cm. |
||
| 500 | _aEs separata de: Revista de la R.A. de C. Exactas Físicas y Naturales. Diciembre, 1911. | ||
| 852 |
_aES-MaACL _j1841-F-16 _bR.19960 |
||
| 999 |
_c81124 _d81124 |
||